Online Catalogue and eLibrary

The role and training of development activists (Record no. 2750)

MARC details
000 -LEADER
fixed length control field 00377nam a2200157Ia 4500
005 - DATE AND TIME OF LATEST TRANSACTION
control field 20240611030748.0
008 - FIXED-LENGTH DATA ELEMENTS--GENERAL INFORMATION
fixed length control field 240331s9999 xx 000 0 und d
082 ## - DDC Classification
Item Number - Author Mark ROL
Class No. 332
245 #4 - TITLE STATEMENT
Title The role and training of development activists
260 ## - PUBLICATION, DISTRIBUTION, ETC.
Place of publication, distribution, etc. India
Date of publication, distribution, etc. 1983
300 ## - PHYSICAL DESCRIPTION
Extent (e.g. Volumes, Pages etc.) 62 p .,
650 ## - SUBJECT ADDED ENTRY--TOPICAL TERM
Topical term or geographic name entry element Social
650 ## - SUBJECT ADDED ENTRY--TOPICAL TERM
Topical term or geographic name entry element Development
700 ## - ADDED ENTRY--PERSONAL NAME
Personal name Bhasin, K.
Relator term (Role) Editor
942 ## - Koha item type (Biblio)
Koha item type Books in Stacks (Lending)
Holdings
Lost status Damaged status Collection code Home library Current library Shelving location Date acquired Full call number Accession Number Item type
    Lending WERC Library WERC Library Social Science Cupboard 03/31/2024 332.4 ROL 1304 Books in Stacks (Lending)

© WERC Library